24 Heures du Mans - Nationalité des pilotes vainqueurs - Statistiques

Statistiques générales
  • Ce quiz a été pris 42 fois
  • Le résultat moyen est 18 sur 21
Statistiques - réponses
Nombre de victoire Pays % Correct
31 Allemagne
100%
18 États-Unis
100%
43 France
100%
21 Italie
100%
46 Royaume-Uni
100%
4 Espagne
97%
13 Belgique
95%
3 Pays-Bas
95%
7 Japon
89%
8 Suisse
89%
1 Canada
84%
2 Suède
84%
1 Pologne
81%
4 Australie
78%
1 Chine
78%
11 Danemark
78%
2 Finlande
73%
2 Argentine
70%
1 Mexique
68%
7 Nouvelle-Zélande
65%
4 Autriche
62%
Aucun quiz correspondant
Distribution des résultats
% des personnes avec chaque résultat
Percentile par nombre de réponses
Votre historique - résultats
Vous n’avez pas pris ce quiz